History Quiz

Random History or Letter Quiz

US Presidents by Any 3 Letters Quiz Stats

 Plays Quiz Updated Dec 10, 2018

Support Sporcle.
Go Orange.
Score 0/45 Timer 01:30
19 Plays Today
US President % Correct
Clinton
96.1%
Washington
94.7%
Bush
89.7%
Bush
89.7%
Obama
86.9%
Jefferson
85.6%
Adams
85.2%
Adams
85.2%
Johnson
84.8%
Johnson
84.8%
Trump
84.8%
Roosevelt
83.1%
Roosevelt
83.1%
Lincoln
80.7%
Harrison
79.7%
Harrison
79.7%
Jackson
79.5%
Madison
78.9%
Carter
75.4%
Kennedy
74.1%
Wilson
73.3%
Nixon
70.8%
Reagan
69.4%
US President % Correct
Truman
69.2%
Eisenhower
65.5%
Harding
63.9%
Ford
63.2%
Biden
60.6%
Monroe
59.5%
Hoover
57.2%
Grant
55.4%
Taft
55.2%
Polk
54.6%
Cleveland
53.3%
Coolidge
50.8%
Van Buren
50.3%
Tyler
48.6%
Taylor
46.3%
Buchanan
44.9%
McKinley
44.8%
Garfield
43.9%
Pierce
40.9%
Fillmore
40.7%
Arthur
37.8%
Hayes
34.8%

From the Vault

Follow That Lyric: Hamilton

by Paigelepuff

There’s a million things I haven’t done, just you wait.
Remove Ads.
Support Sporcle.
Get the best of Sporcle when you Go Orange. This ad-free experience offers more features, more stats, and more fun while also helping to support Sporcle. Thank you for becoming a member.

Show Comments

Extras

Top Quizzes Today


Score Distribution

Your Account Isn't Verified!

In order to create a playlist on Sporcle, you need to verify the email address you used during registration. Go to your Sporcle Settings to finish the process.

Report this User

Report this user for behavior that violates our Community Guidelines.

Details: